Logos da Companhia Aérea #1 - Statistics

Estatísticas Gerais
  • Esse quiz foi jogado 191 vezes
  • A pontuação média é 11 de 20
Estatísticas das Respostas
CIA aérea % Correto
Air Canada
91%
Emirates
81%
Lufthansa
77%
South African Airways
74%
American Airlines
73%
Swiss International
73%
KLM
71%
Alitalia
61%
Qantas
58%
British Airways
56%
Iberia
50%
Ryanair
47%
Korean Air
44%
Turkish Airlines
43%
Japan Airlines
41%
Air China
37%
Thai Airways
37%
Aer Lingus
29%
Southwest
27%
Air New Zealand
24%
Nenhum quiz correspondente encontrado
Distribuição das Pontuações
Porcentagem de Pessoas com Cada Pontuação
Percentil de Números Respondidos
Sua Pontuação Histórica
Você não jogou esse quiz